| 000 | 01621nam a2200289Ia 4500 | ||
|---|---|---|---|
| 001 | A8402 | ||
| 003 | IT-RoPAU | ||
| 008 | 130308s9999 xx 000 0 und d | ||
| 040 | _aIT-RoPAU | ||
| 040 | _cIT-RoPAU | ||
| 041 | _aITALIANO | ||
| 100 | _aMarcus Greil | ||
| 100 | _gCodice Aut. SPICS: 36030 | ||
| 245 | _aTracce di rossetto-Percorsi segreti nella cultura del Novecento dal Dada ai Sex Pistols | ||
| 245 | _bTracce di Rossetto-Percorsi segreti nella Cultura del Novecento dal Dada Ai Sex Pistols | ||
| 250 | _a1a ed. | ||
| 260 | _aMILANO | ||
| 260 | _bLeonardo | ||
| 260 | _c1991 [1° Ed.:1991 - Ed.Ling.Originale:1989] | ||
| 300 | _a"508 p. (prefazione: no ; testo: 508 [pagine: 0-0])" | ||
| 500 | _aSex Pistols Uno dei Piu' Grandi Eventi della Storia Secondo L'Autore. ci Sono movimenti Culturali che Non sembra Lascino Tracce Piu' Durature nella Storia. Il Sovversivo Negazionismo Punk dei Sex Pistols trova Inaspettati precedenti nella Storia Segreta dei Lollardi, Nei Dadaisti, Nei Situazionisti, in Bizzarre Performance di figure insieme memorabili e Dimenticate di Cuil'Autore Ricostruisce le Avventure, Illuminando I margini della Storia Attraverso un Libro Elettrico, Digressivo, ritmico e circolare che Rifiuta Ogni Schema. ultimo concerto dei Sex Pistols. Storia Segreta di un'epoca Passata. Volti. leggende di Libertà . Arte del crollo di Ieri. crollo dell'arte di Ieri. Assalto di Notre Dame. Attacco contro Charlie Chaplin. Tracce di Rossetto su una Sigaretta. | ||
| 650 | _aSAGGI MUSICALI | ||
| 650 | _eCodice materia Spics: 7011 | ||
| 942 | _cBK | ||
| 957 | _71 | ||
| 999 |
_c94717 _d94717 |
||
| 999 | _g1 | ||